000 01506nam a2200373 i 4500
001 000016590
003 DO-SdBNP
005 20260531015042.0
007 ta
008 100308s1986 dr 000 0 spa d
040 _aDO-SdBNP
_bspa
_cBNPHU
_erda
041 _aspa
082 _a338.109729
_bB142f
_223
100 1 _aBáez Evertsz, Franc ,
_d 1948-2016
_eautor
_955030
245 1 3 _aLa formación del sistema agroexportador en El Caribe :
_bRepública Dominicana-Cuba 1515-1898 /
_cFranc Báez Evertsz
264 _aSanto Domingo :
_bEditora Universitaria-Universidad Autónoma de Santo Domingo,
_c1986
300 _a253 páginas ;
_c22 cm.
336 _ardacontent
_btexto
_2txt
337 _ardamedia
_bsin mediación
_2n
338 _ardacarrier
_bvolumen
_2nc
490 1 _aPublicaciones de Universidad Autónoma de Santo Domingo ;
_v532
490 1 _aEconomía y Sociedad ;
_vno. 6
500 _aIncluye notas al pie de las páginas
504 _aIncluye Bibliografía ( p. 247-253)
590 _aInventariado, 2024/DG
650 7 _2lemb
_aAgricultura
_xHistoria
_zCaribe (región)
_989616
650 7 _2lemb
_aAgricultura
_xAspectos Economicos
_zRepública Dominicana
_914764
650 7 _2lemb
_aAgricultura
_xAspectos Economicos
_94678
_zCuba
650 7 _2Armarc
_aIndustria Azucarera
_xHistoria
_zCaribe (región)
_980162
830 0 _aPublicaciones de Universidad Autónoma de Santo Domingo
_v532
_936883
830 0 _aEconomía y Sociedad
_nno. 6
_936884
910 _aDG
942 _2ddc
_cLFDS
999 _c16123
_d16123